Raman amplification in fiber optical communication systems (Record no. 107)

000 -LEADER
fixed length control field 00618nam a22002294a 4500
001 - CONTROL NUMBER
control field 107
003 - CONTROL NUMBER IDENTIFIER
control field BD-DhUET
008 - FIXED-LENGTH DATA ELEMENTS--GENERAL INFORMATION
fixed length control field 041014s2005 ne a b 001 0 eng
020 ## - INTERNATIONAL STANDARD BOOK NUMBER
International Standard Book Number 0120445069
040 ## - CATALOGING SOURCE
Original cataloging agency DLC
Transcribing agency DLC
Modifying agency BD-DhUET
082 00 - DEWEY DECIMAL CLASSIFICATION NUMBER
Classification number 623.8
Item number HEA/2005
245 00 - TITLE STATEMENT
Title Raman amplification in fiber optical communication systems
250 ## - EDITION STATEMENT
Edition statement 1st ed.
260 ## - PUBLICATION, DISTRIBUTION, ETC. (IMPRINT)
Place of publication, distribution, etc. New York
Name of publisher, distributor, etc. Elsevier Academic Press
Date of publication, distribution, etc. 2005
300 ## - PHYSICAL DESCRIPTION
Extent xiii, 374 p.
504 ## - BIBLIOGRAPHY, ETC. NOTE
Bibliography, etc Includes bibliographies
650 #0 - SUBJECT ADDED ENTRY--TOPICAL TERM
Topical term or geographic name as entry element Fiber optics
650 #0 - SUBJECT ADDED ENTRY--TOPICAL TERM
Topical term or geographic name as entry element Optical communications
700 ## - ADDED ENTRY--PERSONAL NAME
Personal name Headley, Clifford
700 ## - ADDED ENTRY--PERSONAL NAME
Personal name Agrawal, Govind P.
942 ## - ADDED ENTRY ELEMENTS (KOHA)
Koha item type General Book
Holdings
Koha item type Koha full call number Koha normalized classification for sorting Not for loan Date acquired Shelving location Location (home branch) Sublocation or collection (holding branch) Lost status Koha date last seen Withdrawn status Price effective from Copy number Piece designation (barcode) Source of classification or shelving scheme Damaged status
General Book623.8/HEA/2005623_000000000000000_8HEA2005 2014-07-15Circulation sectionCentral Library, BUETCentral Library, BUET 2014-07-15 2014-07-151108637  
General Book623.8/HEA/2005623_000000000000000_8HEA2005 2014-08-24Circulation sectionCentral Library, BUETCentral Library, BUET 2014-08-24 2014-08-242108554  
General Book623.8/HEA/2005623_000000000000000_8HEA2005 2014-08-24Circulation sectionCentral Library, BUETCentral Library, BUET 2014-08-24 2014-08-243108555  
General Book623.8/HEA/2005623_800000000000000_HEA_2005 2010-06-26Circulation sectionCentral Library, BUETCentral Library, BUET 2017-03-29 2017-03-294108636